000 00671nam a2200265Ia 4500
005 20260306164433.0
008 008 260114s9999 xx 000 0 eng d
020 _a9780190069735
037 _aEBOOK
040 _aCRL
040 _beng
040 _cCRL
041 _2eng
041 _aeng
084 _qCRL
100 _aPeter J. Robertson, Tristram Hooley, Phil Mccash
_91130743
245 4 _aThe Oxford Handbook Of Career Development
260 _bOxford University Press
260 _c2021
650 _aPsychology
856 _uhttps://academic.oup.com/edited-volume/34232
942 _cEBOOK
999 _c1714066
_d1714066